Vista normal
Vista MARC
Entrada Término temático
Número de registros utilizados en: 1
001 - NÚMERO DE CONTROL
- campo de control: 80261
003 - IDENTIFICADOR DEL NÚMERO DE CONTROL
- campo de control: DO-SdBNP
005 - FECHA Y HORA DE LA ÚLTIMA TRANSACCIÓN
- campo de control: 20211019101058.0
008 - DATOS DE LONGITUD FIJA
- campo de control de longitud fija: 211019|| aca||aabn | a|a d
040 ## - FUENTE DE LA CATALOGACIÓN
- Centro catalogador/agencia de origen: DO-SdBNP
- Centro/agencia transcriptor: DO-SdBNP
150 ## - ENCABEZAMIENTO--TÉRMINO DE MATERIA
- Término de materia o nombre geográfico como elemento de entrada: Historias de detectives y de misterio, hispanoamericano
- Subdivisión general: Historia y crítica
670 ## - FUENTE DE DATOS ENCONTRADOS
- Cita de la fuente: Work cat.: (DO-SdBNP): Harrison, Osvaldo di Paolo, 80259, Queer noir hispánico /, 2018
